<?xml version="1.0" encoding="UTF-8"?>
<record
    xmlns:xsi="http://www.w3.org/2001/XMLSchema-instance"
    xsi:schemaLocation="http://www.loc.gov/MARC21/slim http://www.loc.gov/standards/marcxml/schema/MARC21slim.xsd"
    xmlns="http://www.loc.gov/MARC21/slim">

  <leader>03382nam a2200325 i 4500</leader>
  <controlfield tag="001">000002511</controlfield>
  <controlfield tag="003">DO-SdBNP</controlfield>
  <controlfield tag="005">20240412143303.0</controlfield>
  <controlfield tag="006">a||||fr|||| 00| 0 </controlfield>
  <controlfield tag="007">ta</controlfield>
  <controlfield tag="008">090702s19792002dr      rw    001 0 spa d</controlfield>
  <datafield tag="040" ind1=" " ind2=" ">
    <subfield code="a">DO-SdBNP</subfield>
    <subfield code="b">spa</subfield>
    <subfield code="c">BNPHU</subfield>
    <subfield code="e">rda</subfield>
  </datafield>
  <datafield tag="082" ind1=" " ind2="4">
    <subfield code="a">348.04</subfield>
    <subfield code="b">R426r</subfield>
    <subfield code="2">22</subfield>
  </datafield>
  <datafield tag="110" ind1="1" ind2=" ">
    <subfield code="a">Rep&#xFA;blica Dominicana.</subfield>
    <subfield code="b">Suprema Corte de Justicia.</subfield>
    <subfield code="9">7906</subfield>
  </datafield>
  <datafield tag="245" ind1="1" ind2="0">
    <subfield code="a">Recopilaci&#xF3;n jurisprudencial integrada :</subfield>
    <subfield code="b">de las decisiones de la Suprema Corte de Justicia de la Rep&#xFA;blica Dominicana /</subfield>
    <subfield code="c">L. Almanzor Gonz&#xE1;lez Canahuate [compilador].</subfield>
  </datafield>
  <datafield tag="264" ind1=" " ind2=" ">
    <subfield code="a">Santo Domingo :</subfield>
    <subfield code="b">[no identificado],</subfield>
    <subfield code="c">1979-.</subfield>
  </datafield>
  <datafield tag="300" ind1=" " ind2=" ">
    <subfield code="a">volumen ;</subfield>
    <subfield code="c">24 cm.</subfield>
  </datafield>
  <datafield tag="336" ind1=" " ind2=" ">
    <subfield code="2">rdacontent</subfield>
    <subfield code="a">texto</subfield>
    <subfield code="b">txt</subfield>
  </datafield>
  <datafield tag="337" ind1=" " ind2=" ">
    <subfield code="2">rdamedia</subfield>
    <subfield code="a">sin mediaci&#xF3;n</subfield>
    <subfield code="b">n</subfield>
  </datafield>
  <datafield tag="338" ind1=" " ind2=" ">
    <subfield code="2">rdacarrier</subfield>
    <subfield code="a">volumen</subfield>
    <subfield code="b">nc</subfield>
  </datafield>
  <datafield tag="500" ind1=" " ind2=" ">
    <subfield code="a">La biblioteca posee volumen 1, 7, 9, 10, tomos 3, 4 y 5, volumen 12, tomo 1.</subfield>
  </datafield>
  <datafield tag="505" ind1="0" ind2=" ">
    <subfield code="g">volumen 1,</subfield>
    <subfield code="t">Materia laboral y procedimiento laboral, cinco a&#xF1;os, 1974 al 1978 --</subfield>
    <subfield code="g">volumen 2,</subfield>
    <subfield code="t">Materias: civil, comercial, contencioso-administrativa, electoral, cinco a&#xF1;os, 1974 al 1978 --</subfield>
    <subfield code="g">volumen 3,</subfield>
    <subfield code="t">Materia responsabilidad civil, seis a&#xF1;os, 1974 al 1979 --</subfield>
    <subfield code="g">volumen 4,</subfield>
    <subfield code="t">Materia, procedimiento civil y comercial, nueve a&#xF1;os (1973 al 1981) (1a. edici&#xF3;n) --</subfield>
    <subfield code="g">volumen 5,</subfield>
    <subfield code="t">Materia de tierras, Ley de registro de tierras, diez a&#xF1;os (1973-1982) (1a. edici&#xF3;n) -- Materia de tierras, Ley de registro de tierras, diez a&#xF1;os (1973-1982) (5a. edici&#xF3;n) --</subfield>
    <subfield code="g">volumen 6,</subfield>
    <subfield code="t">Materia penal, doce a&#xF1;os (1972-1983) (2a. edici&#xF3;n) --</subfield>
    <subfield code="g">volumen 7,</subfield>
    <subfield code="t">Materia procedimiento penal, doce a&#xF1;os (1972-1983) (1a. edici&#xF3;n) --</subfield>
    <subfield code="g">volumen 8,</subfield>
    <subfield code="t">Materia, procedimiento laboral, catorce a&#xF1;os, 1971-1984 (1a. edici&#xF3;n) --</subfield>
    <subfield code="g">volumen 9,</subfield>
    <subfield code="t">Materia laboral, quince a&#xF1;os (1971-1985) (1a. edici&#xF3;n) --</subfield>
  </datafield>
  <datafield tag="505" ind1="0" ind2=" ">
    <subfield code="g">volumen 10,</subfield>
    <subfield code="t">tomo 1. Materia referimiento, veinticuatros a&#xF1;os (1970-1993) (1a. edici&#xF3;n). tomo 2. Materia, procedimiento civil y commercial, veintiocho a&#xF1;os (1970-1997). tomo 3. Materia procedimiento civil, comercial y laboral, ventinueve a&#xF1;os (1970-1998) (1a. edici&#xF3;n ) &lt;2 volumenes&gt; -- tomo 5. Treinta (31) a&#xF1;os (Enero- 1970, Diciembre-200). Avance Jurisprudencial.--</subfield>
    <subfield code="g">volumen 11,</subfield>
    <subfield code="t">tomo 1. Materia civil, arrendamiento, inquilinato, aparceria, desalojo, veintiseis a&#xF1;os (1970-1995) (1a. edici&#xF3;n) --</subfield>
    <subfield code="g">volumen 12,</subfield>
    <subfield code="t">tomo 1. Materia tierras, treinta y dos a&#xF1;os (1970-diciembre 2001) (1a. edici&#xF3;n). tomo 2. Materia tierras, treinta y tres a&#xF1;os (1970-diciembre 2002) (1a. edici&#xF3;n). t.omo 3. Materia tierras, treinta y siete (37) a&#xF1;os (1970-Diciembre 2006) (1a. edici&#xF3;n), legitimaci&#xF3;n prescripci&#xF3;n, treinta y ocho (38) materias. t. 4. Materia tierras, treinta y siete (37) a&#xF1;os (1970-Diciembre 2006) (1a. edici&#xF3;n), procedimiento-proceso, sentencia, veintitres (23) materias. tomo 5. Tierras, treinta y siete (37) a&#xF1;os (1970-diciembre 2006), 37-3, materia tierras, servidumbre, testamento, verificaci&#xF3;n de firma (1a. edici&#xF3;n) -- [13] Materia de responsabilidad civil, cinco a&#xF1;os (2009-2013), inclusive , y en materia de Ley 241 ...</subfield>
  </datafield>
  <datafield tag="590" ind1=" " ind2=" ">
    <subfield code="a">Inventariado, 2018/BT</subfield>
  </datafield>
  <datafield tag="650" ind1=" " ind2="4">
    <subfield code="a">Jurisprudencia</subfield>
    <subfield code="z">Rep&#xFA;blica Dominicana</subfield>
    <subfield code="x">Recopilaciones, repertorios, etc.</subfield>
    <subfield code="9">7907</subfield>
  </datafield>
  <datafield tag="650" ind1=" " ind2="4">
    <subfield code="a">Sentencias</subfield>
    <subfield code="z">Rep&#xFA;blica Dominicana</subfield>
    <subfield code="x">Recopilaciones, repertorios, etc.</subfield>
    <subfield code="9">7908</subfield>
  </datafield>
  <datafield tag="700" ind1="1" ind2="2">
    <subfield code="a">Gonz&#xE1;lez Canahuate, L. Almanzor,</subfield>
    <subfield code="e">comp.</subfield>
    <subfield code="9">5213</subfield>
  </datafield>
  <datafield tag="910" ind1=" " ind2=" ">
    <subfield code="a">Validado. Control de calidad. MMOLINA</subfield>
  </datafield>
  <datafield tag="942" ind1=" " ind2=" ">
    <subfield code="2">ddc</subfield>
    <subfield code="c">LBS1</subfield>
  </datafield>
  <datafield tag="952" ind1=" " ind2=" ">
    <subfield code="0">0</subfield>
    <subfield code="1">0</subfield>
    <subfield code="2">ddc</subfield>
    <subfield code="5">6</subfield>
    <subfield code="7">0</subfield>
    <subfield code="8">DS</subfield>
    <subfield code="a">BNPHU</subfield>
    <subfield code="b">BNPHU</subfield>
    <subfield code="c">HD</subfield>
    <subfield code="d">2020-01-24</subfield>
    <subfield code="o">BNPHU DS 348.04 R426r </subfield>
    <subfield code="p">2511-150</subfield>
    <subfield code="r">2020-06-25</subfield>
    <subfield code="t">v.10, t.3, e.3</subfield>
    <subfield code="w">2020-06-25</subfield>
    <subfield code="y">LBS1</subfield>
  </datafield>
  <datafield tag="952" ind1=" " ind2=" ">
    <subfield code="0">0</subfield>
    <subfield code="1">0</subfield>
    <subfield code="2">ddc</subfield>
    <subfield code="5">6</subfield>
    <subfield code="7">0</subfield>
    <subfield code="8">DS</subfield>
    <subfield code="a">BNPHU</subfield>
    <subfield code="b">BNPHU</subfield>
    <subfield code="c">HD</subfield>
    <subfield code="d">2020-01-24</subfield>
    <subfield code="o">BNPHU DS 348.04 R426r </subfield>
    <subfield code="p">2511-180</subfield>
    <subfield code="r">2020-06-25</subfield>
    <subfield code="t">v.10, t.4, e.3</subfield>
    <subfield code="w">2020-06-25</subfield>
    <subfield code="y">LBS1</subfield>
  </datafield>
  <datafield tag="952" ind1=" " ind2=" ">
    <subfield code="0">0</subfield>
    <subfield code="1">0</subfield>
    <subfield code="2">ddc</subfield>
    <subfield code="5">6</subfield>
    <subfield code="7">0</subfield>
    <subfield code="8">DS</subfield>
    <subfield code="a">BNPHU</subfield>
    <subfield code="b">BNPHU</subfield>
    <subfield code="c">HD</subfield>
    <subfield code="d">2020-01-24</subfield>
    <subfield code="o">BNPHU DS 348.04 R426r </subfield>
    <subfield code="p">2511-210</subfield>
    <subfield code="r">2020-06-25</subfield>
    <subfield code="t">v.12, t.1, e.3</subfield>
    <subfield code="w">2020-06-25</subfield>
    <subfield code="y">LBS1</subfield>
  </datafield>
  <datafield tag="952" ind1=" " ind2=" ">
    <subfield code="0">0</subfield>
    <subfield code="1">0</subfield>
    <subfield code="2">ddc</subfield>
    <subfield code="5">6</subfield>
    <subfield code="7">0</subfield>
    <subfield code="8">DS</subfield>
    <subfield code="a">BNPHU</subfield>
    <subfield code="b">BNPHU</subfield>
    <subfield code="c">HD</subfield>
    <subfield code="d">2020-01-24</subfield>
    <subfield code="o">BNPHU DS 348.04 R426r </subfield>
    <subfield code="p">2511-220</subfield>
    <subfield code="r">2020-06-25</subfield>
    <subfield code="t">v.12, t.1, e.4</subfield>
    <subfield code="w">2020-06-25</subfield>
    <subfield code="y">LBS1</subfield>
  </datafield>
  <datafield tag="952" ind1=" " ind2=" ">
    <subfield code="0">0</subfield>
    <subfield code="1">0</subfield>
    <subfield code="2">ddc</subfield>
    <subfield code="7">0</subfield>
    <subfield code="8">PD</subfield>
    <subfield code="a">BNPHU</subfield>
    <subfield code="b">BNPHU</subfield>
    <subfield code="c">OI</subfield>
    <subfield code="d">2020-01-24</subfield>
    <subfield code="o">348.04 R426r</subfield>
    <subfield code="p">2511-230</subfield>
    <subfield code="r">2020-06-25</subfield>
    <subfield code="w">2020-06-25</subfield>
    <subfield code="y">LBS1</subfield>
  </datafield>
  <datafield tag="952" ind1=" " ind2=" ">
    <subfield code="0">0</subfield>
    <subfield code="1">0</subfield>
    <subfield code="2">ddc</subfield>
    <subfield code="7">0</subfield>
    <subfield code="8">PD</subfield>
    <subfield code="a">BNPHU</subfield>
    <subfield code="b">BNPHU</subfield>
    <subfield code="c">OI</subfield>
    <subfield code="d">2020-01-24</subfield>
    <subfield code="o">348.04 R426r</subfield>
    <subfield code="p">2511-240</subfield>
    <subfield code="r">2020-06-25</subfield>
    <subfield code="w">2020-06-25</subfield>
    <subfield code="y">LBS1</subfield>
  </datafield>
  <datafield tag="952" ind1=" " ind2=" ">
    <subfield code="0">0</subfield>
    <subfield code="1">0</subfield>
    <subfield code="2">ddc</subfield>
    <subfield code="7">0</subfield>
    <subfield code="8">PD</subfield>
    <subfield code="a">BNPHU</subfield>
    <subfield code="b">BNPHU</subfield>
    <subfield code="c">OI</subfield>
    <subfield code="d">2020-01-24</subfield>
    <subfield code="o">348.04 R426r</subfield>
    <subfield code="p">2511-250</subfield>
    <subfield code="r">2020-06-25</subfield>
    <subfield code="w">2020-06-25</subfield>
    <subfield code="y">LBS1</subfield>
  </datafield>
  <datafield tag="952" ind1=" " ind2=" ">
    <subfield code="0">0</subfield>
    <subfield code="1">0</subfield>
    <subfield code="2">ddc</subfield>
    <subfield code="5">1</subfield>
    <subfield code="7">0</subfield>
    <subfield code="8">PD</subfield>
    <subfield code="a">BNPHU</subfield>
    <subfield code="b">BNPHU</subfield>
    <subfield code="c">HD</subfield>
    <subfield code="d">2009-07-02</subfield>
    <subfield code="o">BNPHU PD 348.04 R426r</subfield>
    <subfield code="p">2511-10</subfield>
    <subfield code="r">2020-06-25</subfield>
    <subfield code="t"> v.1</subfield>
    <subfield code="w">2020-06-25</subfield>
    <subfield code="y">LBS1</subfield>
  </datafield>
  <datafield tag="952" ind1=" " ind2=" ">
    <subfield code="0">0</subfield>
    <subfield code="1">0</subfield>
    <subfield code="2">ddc</subfield>
    <subfield code="5">1</subfield>
    <subfield code="7">0</subfield>
    <subfield code="8">PD</subfield>
    <subfield code="a">BNPHU</subfield>
    <subfield code="b">BNPHU</subfield>
    <subfield code="c">HD</subfield>
    <subfield code="d">2010-10-28</subfield>
    <subfield code="o">BNPHU PD 348.04 R426r</subfield>
    <subfield code="p">2511-100</subfield>
    <subfield code="r">2020-06-25</subfield>
    <subfield code="t"> v.7</subfield>
    <subfield code="w">2020-06-25</subfield>
    <subfield code="y">LBS1</subfield>
  </datafield>
  <datafield tag="952" ind1=" " ind2=" ">
    <subfield code="0">0</subfield>
    <subfield code="1">0</subfield>
    <subfield code="2">ddc</subfield>
    <subfield code="5">1</subfield>
    <subfield code="7">0</subfield>
    <subfield code="8">PD</subfield>
    <subfield code="a">BNPHU</subfield>
    <subfield code="b">BNPHU</subfield>
    <subfield code="c">HD</subfield>
    <subfield code="d">2020-01-24</subfield>
    <subfield code="o">BNPHU PD 348.04 R426r </subfield>
    <subfield code="p">2511-110</subfield>
    <subfield code="r">2020-06-25</subfield>
    <subfield code="t">v.7, e.2</subfield>
    <subfield code="w">2020-06-25</subfield>
    <subfield code="y">LBS1</subfield>
  </datafield>
  <datafield tag="952" ind1=" " ind2=" ">
    <subfield code="0">0</subfield>
    <subfield code="1">0</subfield>
    <subfield code="2">ddc</subfield>
    <subfield code="5">1</subfield>
    <subfield code="7">0</subfield>
    <subfield code="8">PD</subfield>
    <subfield code="a">BNPHU</subfield>
    <subfield code="b">BNPHU</subfield>
    <subfield code="c">HD</subfield>
    <subfield code="d">2020-01-24</subfield>
    <subfield code="o">BNPHU PD 348.04 R426r</subfield>
    <subfield code="p">2511-120</subfield>
    <subfield code="r">2020-06-25</subfield>
    <subfield code="t">v.9</subfield>
    <subfield code="w">2020-06-25</subfield>
    <subfield code="y">LBS1</subfield>
  </datafield>
  <datafield tag="952" ind1=" " ind2=" ">
    <subfield code="0">0</subfield>
    <subfield code="1">0</subfield>
    <subfield code="2">ddc</subfield>
    <subfield code="5">1</subfield>
    <subfield code="7">0</subfield>
    <subfield code="8">PD</subfield>
    <subfield code="a">BNPHU</subfield>
    <subfield code="b">BNPHU</subfield>
    <subfield code="c">HD</subfield>
    <subfield code="d">2020-01-24</subfield>
    <subfield code="o">BNPHU PD 348.04 R426r</subfield>
    <subfield code="p">2511-130</subfield>
    <subfield code="r">2020-06-25</subfield>
    <subfield code="t">v.10, t.3</subfield>
    <subfield code="w">2020-06-25</subfield>
    <subfield code="y">LBS1</subfield>
  </datafield>
  <datafield tag="952" ind1=" " ind2=" ">
    <subfield code="0">0</subfield>
    <subfield code="1">1</subfield>
    <subfield code="2">ddc</subfield>
    <subfield code="5">1</subfield>
    <subfield code="7">0</subfield>
    <subfield code="8">PD</subfield>
    <subfield code="a">BNPHU</subfield>
    <subfield code="b">BNPHU</subfield>
    <subfield code="c">MI</subfield>
    <subfield code="d">2020-01-24</subfield>
    <subfield code="o">BNPHU PD 348.04 R426r </subfield>
    <subfield code="p">2511-140</subfield>
    <subfield code="r">2020-06-25</subfield>
    <subfield code="t">v.10, t.3, e.2</subfield>
    <subfield code="w">2020-06-25</subfield>
    <subfield code="y">LBS1</subfield>
  </datafield>
  <datafield tag="952" ind1=" " ind2=" ">
    <subfield code="0">0</subfield>
    <subfield code="1">0</subfield>
    <subfield code="2">ddc</subfield>
    <subfield code="5">1</subfield>
    <subfield code="7">0</subfield>
    <subfield code="8">PD</subfield>
    <subfield code="a">BNPHU</subfield>
    <subfield code="b">BNPHU</subfield>
    <subfield code="c">HD</subfield>
    <subfield code="d">2020-01-24</subfield>
    <subfield code="o">BNPHU PD 348.04 R426r</subfield>
    <subfield code="p">2511-160</subfield>
    <subfield code="r">2020-06-25</subfield>
    <subfield code="t">v.10, t.4</subfield>
    <subfield code="w">2020-06-25</subfield>
    <subfield code="y">LBS1</subfield>
  </datafield>
  <datafield tag="952" ind1=" " ind2=" ">
    <subfield code="0">0</subfield>
    <subfield code="1">0</subfield>
    <subfield code="2">ddc</subfield>
    <subfield code="5">1</subfield>
    <subfield code="7">0</subfield>
    <subfield code="8">PD</subfield>
    <subfield code="a">BNPHU</subfield>
    <subfield code="b">BNPHU</subfield>
    <subfield code="c">HD</subfield>
    <subfield code="d">2020-01-24</subfield>
    <subfield code="o">BNPHU PD 348.04 R426r</subfield>
    <subfield code="p">2511-170</subfield>
    <subfield code="r">2020-06-25</subfield>
    <subfield code="t">v.10, t.4, e.2</subfield>
    <subfield code="w">2020-06-25</subfield>
    <subfield code="y">LBS1</subfield>
  </datafield>
  <datafield tag="952" ind1=" " ind2=" ">
    <subfield code="0">0</subfield>
    <subfield code="1">0</subfield>
    <subfield code="2">ddc</subfield>
    <subfield code="5">1</subfield>
    <subfield code="7">0</subfield>
    <subfield code="8">PD</subfield>
    <subfield code="a">BNPHU</subfield>
    <subfield code="b">BNPHU</subfield>
    <subfield code="c">HD</subfield>
    <subfield code="d">2020-01-24</subfield>
    <subfield code="o">BNPHU PD 348.04 R426r </subfield>
    <subfield code="p">2511-190</subfield>
    <subfield code="r">2020-06-25</subfield>
    <subfield code="t">v.12, t.1</subfield>
    <subfield code="w">2020-06-25</subfield>
    <subfield code="y">LBS1</subfield>
  </datafield>
  <datafield tag="952" ind1=" " ind2=" ">
    <subfield code="0">0</subfield>
    <subfield code="1">0</subfield>
    <subfield code="2">ddc</subfield>
    <subfield code="5">1</subfield>
    <subfield code="7">0</subfield>
    <subfield code="8">PD</subfield>
    <subfield code="a">BNPHU</subfield>
    <subfield code="b">BNPHU</subfield>
    <subfield code="c">HD</subfield>
    <subfield code="d">2010-10-28</subfield>
    <subfield code="o">BNPHU PD 348.04 R426r</subfield>
    <subfield code="p">2511-20</subfield>
    <subfield code="r">2020-06-25</subfield>
    <subfield code="t">v.1, e.2</subfield>
    <subfield code="w">2020-06-25</subfield>
    <subfield code="y">LBS1</subfield>
  </datafield>
  <datafield tag="952" ind1=" " ind2=" ">
    <subfield code="0">0</subfield>
    <subfield code="1">0</subfield>
    <subfield code="2">ddc</subfield>
    <subfield code="5">1</subfield>
    <subfield code="7">0</subfield>
    <subfield code="8">PD</subfield>
    <subfield code="a">BNPHU</subfield>
    <subfield code="b">BNPHU</subfield>
    <subfield code="c">HD</subfield>
    <subfield code="d">2020-01-24</subfield>
    <subfield code="o">BNPHU PD 348.04 R426r</subfield>
    <subfield code="p">2511-200</subfield>
    <subfield code="r">2020-06-25</subfield>
    <subfield code="t"> v.12, t.1, e.2</subfield>
    <subfield code="w">2020-06-25</subfield>
    <subfield code="y">LBS1</subfield>
  </datafield>
  <datafield tag="952" ind1=" " ind2=" ">
    <subfield code="0">0</subfield>
    <subfield code="1">0</subfield>
    <subfield code="2">ddc</subfield>
    <subfield code="5">1</subfield>
    <subfield code="7">0</subfield>
    <subfield code="8">PD</subfield>
    <subfield code="a">BNPHU</subfield>
    <subfield code="b">BNPHU</subfield>
    <subfield code="c">HD</subfield>
    <subfield code="d">2010-10-28</subfield>
    <subfield code="o">BNPHU PD 348.04 R426r </subfield>
    <subfield code="p">2511-30</subfield>
    <subfield code="r">2020-06-25</subfield>
    <subfield code="t">v.2</subfield>
    <subfield code="w">2020-06-25</subfield>
    <subfield code="y">LBS1</subfield>
  </datafield>
  <datafield tag="952" ind1=" " ind2=" ">
    <subfield code="0">0</subfield>
    <subfield code="1">0</subfield>
    <subfield code="2">ddc</subfield>
    <subfield code="5">1</subfield>
    <subfield code="7">0</subfield>
    <subfield code="8">PD</subfield>
    <subfield code="a">BNPHU</subfield>
    <subfield code="b">BNPHU</subfield>
    <subfield code="c">HD</subfield>
    <subfield code="d">2010-10-28</subfield>
    <subfield code="o">BNPHU PD 348.04 R426r</subfield>
    <subfield code="p">2511-40</subfield>
    <subfield code="r">2020-06-25</subfield>
    <subfield code="t">v.3</subfield>
    <subfield code="w">2020-06-25</subfield>
    <subfield code="y">LBS1</subfield>
  </datafield>
  <datafield tag="952" ind1=" " ind2=" ">
    <subfield code="0">0</subfield>
    <subfield code="1">0</subfield>
    <subfield code="2">ddc</subfield>
    <subfield code="5">1</subfield>
    <subfield code="7">0</subfield>
    <subfield code="8">PD</subfield>
    <subfield code="a">BNPHU</subfield>
    <subfield code="b">BNPHU</subfield>
    <subfield code="c">HD</subfield>
    <subfield code="d">2010-10-28</subfield>
    <subfield code="o">BNPHU PD 348.04 R426r </subfield>
    <subfield code="p">2511-50</subfield>
    <subfield code="r">2020-06-25</subfield>
    <subfield code="t">v.3, e.2</subfield>
    <subfield code="w">2020-06-25</subfield>
    <subfield code="y">LBS1</subfield>
  </datafield>
  <datafield tag="952" ind1=" " ind2=" ">
    <subfield code="0">0</subfield>
    <subfield code="1">0</subfield>
    <subfield code="2">ddc</subfield>
    <subfield code="5">1</subfield>
    <subfield code="7">0</subfield>
    <subfield code="8">PD</subfield>
    <subfield code="a">BNPHU</subfield>
    <subfield code="b">BNPHU</subfield>
    <subfield code="c">HD</subfield>
    <subfield code="d">2010-10-28</subfield>
    <subfield code="o">BNPHU PD 348.04 R426r </subfield>
    <subfield code="p">2511-60</subfield>
    <subfield code="r">2020-06-25</subfield>
    <subfield code="t">v.4</subfield>
    <subfield code="w">2020-06-25</subfield>
    <subfield code="y">LBS1</subfield>
  </datafield>
  <datafield tag="952" ind1=" " ind2=" ">
    <subfield code="0">0</subfield>
    <subfield code="1">0</subfield>
    <subfield code="2">ddc</subfield>
    <subfield code="5">1</subfield>
    <subfield code="7">0</subfield>
    <subfield code="8">PD</subfield>
    <subfield code="a">BNPHU</subfield>
    <subfield code="b">BNPHU</subfield>
    <subfield code="c">HD</subfield>
    <subfield code="d">2010-10-28</subfield>
    <subfield code="o">BNPHU PD 348.04 R426r</subfield>
    <subfield code="p">2511-70</subfield>
    <subfield code="r">2020-06-25</subfield>
    <subfield code="t">v.4, e.2</subfield>
    <subfield code="w">2020-06-25</subfield>
    <subfield code="y">LBS1</subfield>
  </datafield>
  <datafield tag="952" ind1=" " ind2=" ">
    <subfield code="0">0</subfield>
    <subfield code="1">0</subfield>
    <subfield code="2">ddc</subfield>
    <subfield code="5">1</subfield>
    <subfield code="7">0</subfield>
    <subfield code="8">PD</subfield>
    <subfield code="a">BNPHU</subfield>
    <subfield code="b">BNPHU</subfield>
    <subfield code="c">HD</subfield>
    <subfield code="d">2010-10-28</subfield>
    <subfield code="o">BNPHU PD 348.04 R426r</subfield>
    <subfield code="p">2511-80</subfield>
    <subfield code="r">2020-06-25</subfield>
    <subfield code="t">v.5</subfield>
    <subfield code="w">2020-06-25</subfield>
    <subfield code="y">LBS1</subfield>
  </datafield>
  <datafield tag="952" ind1=" " ind2=" ">
    <subfield code="0">0</subfield>
    <subfield code="1">0</subfield>
    <subfield code="2">ddc</subfield>
    <subfield code="5">1</subfield>
    <subfield code="7">0</subfield>
    <subfield code="8">PD</subfield>
    <subfield code="a">BNPHU</subfield>
    <subfield code="b">BNPHU</subfield>
    <subfield code="c">HD</subfield>
    <subfield code="d">2010-10-28</subfield>
    <subfield code="o">BNPHU PD 348.04 R426r</subfield>
    <subfield code="p">2511-90</subfield>
    <subfield code="r">2020-06-25</subfield>
    <subfield code="t">v.6</subfield>
    <subfield code="w">2020-06-25</subfield>
    <subfield code="y">LBS1</subfield>
  </datafield>
  <datafield tag="952" ind1=" " ind2=" ">
    <subfield code="0">0</subfield>
    <subfield code="1">0</subfield>
    <subfield code="2">ddc</subfield>
    <subfield code="5">6</subfield>
    <subfield code="7">0</subfield>
    <subfield code="8">DS</subfield>
    <subfield code="a">BNPHU</subfield>
    <subfield code="b">BNPHU</subfield>
    <subfield code="c">HD</subfield>
    <subfield code="d">2015-04-10</subfield>
    <subfield code="e">Donado por Laura Pujols</subfield>
    <subfield code="l">0</subfield>
    <subfield code="o">BNPHU DS 348.04 R426r</subfield>
    <subfield code="p">2024-1993</subfield>
    <subfield code="r">2024-04-10</subfield>
    <subfield code="t">v.10, t.5</subfield>
    <subfield code="w">2024-04-10</subfield>
    <subfield code="y">LBS1</subfield>
  </datafield>
  <datafield tag="952" ind1=" " ind2=" ">
    <subfield code="0">0</subfield>
    <subfield code="1">0</subfield>
    <subfield code="2">ddc</subfield>
    <subfield code="5">6</subfield>
    <subfield code="7">0</subfield>
    <subfield code="8">DS</subfield>
    <subfield code="a">BNPHU</subfield>
    <subfield code="b">BNPHU</subfield>
    <subfield code="c">HD</subfield>
    <subfield code="d">2024-04-12</subfield>
    <subfield code="e">Donado por Laura Pujols</subfield>
    <subfield code="l">0</subfield>
    <subfield code="o">BNPHU DS 348.04 R426r</subfield>
    <subfield code="p">2024-2184</subfield>
    <subfield code="r">2024-04-12</subfield>
    <subfield code="t">v.1,e.3</subfield>
    <subfield code="w">2024-04-12</subfield>
    <subfield code="y">LBS1</subfield>
  </datafield>
  <datafield tag="999" ind1=" " ind2=" ">
    <subfield code="c">2347</subfield>
    <subfield code="d">2347</subfield>
  </datafield>
</record>
